| 000 | 00562nam a22001577a 4500 | ||
|---|---|---|---|
| 003 | NUST | ||
| 082 | _a621 | ||
| 100 |
_a Sajjad , Talha _9122210 |
||
| 245 |
_aEffectiveness of Passive Adaptation Measures Against Climate Change for Building Thermal Performance / _cTalha Sajjad |
||
| 264 |
_aIslamabad: _bSMME- NUST. _c2020. |
||
| 300 |
_a61p. ; _bSoft Copy, _c30cm. |
||
| 650 |
_aMS Mechanical Engineering _9119495 |
||
| 700 |
_aSupervisor : Dr. Zaib Ali _9119496 |
||
| 856 | _uhttp://10.250.8.41:8080/xmlui/handle/123456789/35382 | ||
| 942 |
_2ddc _cTHE |
||
| 999 |
_c608745 _d608745 |
||